Comuni della Provincia di Monza e della Brianza - Statistics

Statistiche generali
  • Questo quiz è stato fatto 244 volte
  • Il punteggio medio è 26 su 55
Statistiche sulle risposte
Comune % Corretto
Monza
93%
Desio
82%
Lissone
80%
Seregno
79%
Vimercate
76%
Arcore
75%
Muggiò
67%
Carate Brianza
65%
Agrate Brianza
61%
Meda
61%
Giussano
60%
Nova Milanese
60%
Biassono
58%
Concorezzo
58%
Seveso
58%
Lentate sul Seveso
56%
Cesano Maderno
55%
Usmate Velate
54%
Brugherio
53%
Limbiate
51%
Vedano al Lambro
50%
Villasanta
50%
Lesmo
47%
Varedo
47%
Albiate
46%
Busnago
45%
Carnate
45%
Bovisio Masciago
44%
Besana in Brianza
43%
Sovico
41%
Aicurzio
40%
Triuggio
40%
Verano Brianza
40%
Bellusco
39%
Macherio
39%
Bernareggio
36%
Cornate d'Adda
36%
Barlassina
35%
Lazzate
34%
Caponago
33%
Renate
33%
Ceriano Laghetto
32%
Mezzago
31%
Misinto
31%
Ronco Briantino
31%
Ornago
30%
Sulbiate
30%
Briosco
29%
Correzzana
29%
Veduggio con Colzano
29%
Cogliate
28%
Roncello
28%
Camparada
27%
Burago di Molgora
26%
Cavenago di Brianza
26%
Nessun quiz corrispondente trovato
Distribuzione punteggi
Percentuale di utenti per punteggio
Percentile per numero di risposta
I tuoi punteggi nel tempo
Non hai fatto questo quiz